000 00722cam a2200205 i 4500
005 20251127102205.0
008 250721s2004 sy gr 000 0 ara d
082 1 4 _a211.7
_bخ ا ل
100 1 _aالخالدي، صلاح عبد الفتاح
_eمؤلف.
245 1 0 _aلطائف قرآنية /
_cالدكتور صلاح عبد الفتاح الخالدي.
250 _aالطبعة الثالثة.
264 3 1 _aدمشق :
_bدار القلم،
_c2004.
300 _a200 صفحة.
490 0 _aمن كنوز القرآن ؛
_vالرقم 8.
650 1 7 _aالقرآن الكريم.
650 1 7 _aفقه القرآن.
830 0 _aمن كنوز القرآن.
942 _2ddc
_cBK
999 _c99143
_d99143